Normal view
MARC view
Entry Personal Name
001 - CONTROL NUMBER
- control field: 229559
003 - CONTROL NUMBER IDENTIFIER
- control field: OSt
005 - DATE AND TIME OF LATEST TRANSACTION
- control field: 20250729165639.0
008 - FIXED-LENGTH DATA ELEMENTS
- fixed length control field: 250729|| aca||aabn | a|a d
040 ## - CATALOGING SOURCE
- Original cataloging agency: OSt
- Transcribing agency: OSt
100 ## - HEADING--PERSONAL NAME
- Personal name: ಹೆಗ್ಗನದೊಡ್ಡಿ ಎ ಆರ್
670 ## - SOURCE DATA FOUND
- Source citation: Work cat.: (OSt)238372: ಹೆಗ್ಗನದೊಡ್ಡಿ ಎ ಆರ್, ಶಿಕ್ಷಣಶಾಸ್ತ್ರ-ಶಿಕ್ಷಣದ ಪ್ರಕ್ರಿಯೆಗಳು ಮತ್ತು ಒಲವುಗಳು, 2005